বাংলা ভাষাবিজ্ঞানের ক্রমবিকাশ / (Record no. 2457)

MARC details
000 -LEADER
fixed length control field 01102nam a2200253 a 4500
003 - CONTROL NUMBER IDENTIFIER
control field BD-DhJNU
005 - DATE AND TIME OF LATEST TRANSACTION
control field 20251222044423.0
008 - FIXED-LENGTH DATA ELEMENTS--GENERAL INFORMATION
fixed length control field 251108s2023 bg |||g |||| 000 1|ben|d
020 ## - INTERNATIONAL STANDARD BOOK NUMBER
International Standard Book Number 9789849749264
040 ## - CATALOGING SOURCE
Original cataloging agency BD-DhJNU
Language of cataloging ben
Transcribing agency BD-DhJNU
Modifying agency BD-DhJNU
041 ## - LANGUAGE CODE
Language code of text/sound track or separate title ben
082 ## - DEWEY DECIMAL CLASSIFICATION NUMBER
Classification number 491.4409 ISB
Edition number 23
100 ## - MAIN ENTRY--PERSONAL NAME
Personal name ইসলাম, এম. এম. রিজাউল
242 10 - TRANSLATION OF TITLE BY CATALOGING AGENCY
Title The evolution of Bengali linguistics/
Statement of responsibility, etc. M. M. Rezaul Islam
245 10 - TITLE STATEMENT
Title বাংলা ভাষাবিজ্ঞানের ক্রমবিকাশ /
Statement of responsibility, etc. এম. এম. রিজাউল ইসলাম
246 ## - VARYING FORM OF TITLE
Title proper/short title Bangla bhasabijnaner krombikash
250 ## - EDITION STATEMENT
Edition statement 1st ed.
260 ## - PUBLICATION, DISTRIBUTION, ETC.
Place of publication, distribution, etc. ঢাকা :
Name of publisher, distributor, etc. মাদার্স পাবলিকেশন্স,
Date of publication, distribution, etc. 2023.
300 ## - PHYSICAL DESCRIPTION
Extent ৩৬০ পৃ. :
Other physical details চিত্র ;
Dimensions ২২ সেমি.।
504 ## - BIBLIOGRAPHY, ETC. NOTE
Bibliography, etc. note গ্রন্থপঞ্জিগত নির্দেশিকা ও নিঘন্ট অন্তভূক্ত
650 ## - SUBJECT ADDED ENTRY--TOPICAL TERM
Topical term or geographic name entry element বাংলা ভাষাবিজ্ঞান
650 ## - SUBJECT ADDED ENTRY--TOPICAL TERM
Topical term or geographic name entry element Bengali linguistics
942 ## - ADDED ENTRY ELEMENTS (KOHA)
Koha item type Books
Holdings
Withdrawn status Lost status Source of classification or shelving scheme Damaged status Not for loan Collection Home library Current library Shelving location Date acquired Source of acquisition Total checkouts Full call number Barcode Date last seen Copy number Price effective from Koha item type
    Dewey Decimal Classification     Non-fiction Jagannath University Central Library Jagannath University Central Library Children's area 12/22/2025 Purchased   491.4409 ISB JNUCL36447 12/22/2025 1 12/22/2025 Books